| 000 | 00931cab a22002055a 4500 | ||
|---|---|---|---|
| 001 | L150020 | ||
| 008 | 100524e2010 xxk 000 0 eng d | ||
| 035 | _a(Sirsi) u150020 | ||
| 041 | 0 | _aeng | |
| 110 | 2 |
_aNational Landlords Association _95246 |
|
| 245 | 0 | 0 |
_aLandlord optimism highest since 2007 _h[electronic resource] |
| 260 | _c2010 | ||
| 490 |
_aNational Landlords Association News Release _v19 May 2010 |
||
| 520 | _aLandlords are at their most optimistic since 2007 according to the National Landlords Association (NLA)'s "Landlords Optimism Index" for First quarter 2010. Index figures available from Fourth Quarter 2006 to First Quarter 2010. | ||
| 590 | _aKA NTK | ||
| 651 | 4 |
_aUnited Kingdom _y |
|
| 690 |
_aLandlord and tenant _96252 |
||
| 856 | 4 | 0 |
_uhttps://www.landlords.org.uk/news/pressreleases/2010/pressrelease-20100519nlaoptimismindex.html _zView this item free of charge at www.landlords.org.uk |
| 942 | _n0 | ||
| 999 |
_c82358 _d82358 |
||